| 000 | 00526nam a2200181 a 4500 | ||
|---|---|---|---|
| 005 | 20240925064211.0 | ||
| 008 | 991125s1947 ag 000 0 spa u | ||
| 035 | _aUPN01000034720 | ||
| 049 | _aCG | ||
| 050 | 4 |
_aBF723 D7 _bR6.48 |
|
| 100 | 1 |
_aRouma, Jorge, _d1881-1976 |
|
| 245 | 1 | 3 |
_aEl lenguaje gráfico del niño / _cGeorges Rouma ; tr. Iris Acacia Ibáñez. |
| 260 |
_aBuenos Aires : _bEl Ateneo, _c1947. |
||
| 300 | _a454 p. | ||
| 650 | 4 |
_aNiño, Estudio del _9221 |
|
| 650 | 4 |
_aNiños _xLenguaje _95709 |
|
| 905 | _aLibro | ||
| 999 |
_c34720 _d34720 |
||